Normal view MARC view

Entry Personal Name

Number of records used in: 1

001 - CONTROL NUMBER

  • control field: 123978

003 - CONTROL NUMBER IDENTIFIER

  • control field: NUST

005 - DATE AND TIME OF LATEST TRANSACTION

  • control field: 20240702100251.0

008 - FIXED-LENGTH DATA ELEMENTS

  • fixed length control field: 240702|| aca||aabn | a|a d

040 ## - CATALOGING SOURCE

  • Original cataloging agency: NUST
  • Transcribing agency: NUST

100 ## - HEADING--PERSONAL NAME

  • General subdivision: PhD-Virology and Immunology

670 ## - SOURCE DATA FOUND

  • Source citation: Work cat.: (NUST)330437: Ummar Raheel. 3254, siRNA Based Inhibition of dengue virus and prediction of possible vaccinal targets/, 2015.
© 2023 Central Library, National University of Sciences and Technology. All Rights Reserved.